Country Similar Words Quiz Stats

Quiz not verified by Sporcle

Challenge
Share
Tweet
Embed
Score 0/16 Timer 06:00
0 Plays Today
Word Definition Country/Word % Correct
large gallinaceous bird of America, traditionally consumed on Thanksgiving Dayturkey --- Turkey
98.2%
imaginary line that separates the northern and southern hemispheresequator --- Ecuador
97.9%
a feeling of coldnesschilly --- Chile
93.7%
fatty, oily material or movie starring John Travoltagrease --- Greece
91.2%
famous American Basketball player, Michael (also in Space Jam)Jordan --- Jordan
88.5%
having a desire, craving, or need for foodhungry --- Hungary
87.3%
a translucent ceramic material, decorated porcelain platechina --- China
85.2%
a small shell containing an explosive and thrown by handgrenade --- Grenada
81%
Word Definition Country/Word % Correct
river in Washington state or suffix of Washington D.C.Columbia --- Colombia
78.2%
fourth U.S. state to ratify the Constitution and last to rejoin the Union after the American Civil WarGeorgia --- Georgia
76.4%
first name of Ochocinco and Michael MurrayChad --- Chad
74.6%
family name, last namesurname --- Suriname
72.8%
protective case of a marine mollusk; you might collect them at the beachsea shell --- Seychelles
63.1%
gourd-shaped rattle filled with seeds used as an instrumentmaraca --- Morocco
59.8%
1982 hit single from A Flock of Seagulls'I Ran' --- Iran
42.6%
a person who cuts, a machine that slicescutter --- Qatar
39.9%

You're not logged in!

Compare scores with friends on all Sporcle quizzes.
Sign Up with Email
OR
Log In

You Might Also Like...

Show Comments

Extras

Top Quizzes Today


Score Distribution

Your Account Isn't Verified!

In order to create a playlist on Sporcle, you need to verify the email address you used during registration. Go to your Sporcle Settings to finish the process.